Score 0/16 Timer 01:00
0 Plays Today
% Correct
Tim Taylor
86.7%
J.R. Ewing
85.8%
Walter 'Radar' O'Reilly
81.1%
George Jefferson
80.8%
B.A. Baracus
80%
Sue Sylvester
77.7%
Luther
71.4%
Matthew Murdock (Daredevil)
71.3%
% Correct
Carrie Mathison
64.1%
Roger Sterling
60.3%
Cookie Lyon
59.8%
Offred
52.7%
Erlich Bachman
44.4%
Maura Pfefferman
42.6%
Rustin 'Rust' Cohle
40.9%
Spencer Hastings
29.1%
Remove Ads.
Support Sporcle.
Get the best of Sporcle when you Go Orange. This ad-free experience offers more features, more stats, and more fun while also helping to support Sporcle. Thank you for becoming a member.

You're not logged in!

Compare scores with friends on all Sporcle quizzes.
OR
Log In

Show Comments

Extras

Top Quizzes Today


Score Distribution

Your Account Isn't Verified!

In order to create a playlist on Sporcle, you need to verify the email address you used during registration. Go to your Sporcle Settings to finish the process.

Report this User

Report this user for behavior that violates our Community Guidelines.

Details: